Youtuber Casuali - Statistics

Statistiche generali
  • Questo quiz è stato fatto 48 volte
  • Il punteggio medio è 4 su 16
Statistiche sulle risposte
con Immagini Risposta % Corretto
Favij
88%
Lollolacustre
86%
MrBeast
74%
IshowSpeed
69%
Gabby16bit
36%
Dream
19%
PewDiePie
14%
Jenny
10%
Lorenzist
10%
Daquavis
7%
RobyPolarBear
7%
UR Cristiano
7%
Giovanni_Limongelli
5%
Leutum
5%
Nico17
5%
ThinkNerd
5%
Nessun quiz corrispondente trovato
Distribuzione punteggi
Percentuale di utenti per punteggio
Percentile per numero di risposta
I tuoi punteggi nel tempo
Non hai fatto questo quiz